01637nam a2200277 a 4500001001000000005001700010008004100027041000800068044000700076084002000083100004500103245010900148260005200257300002200309500024700331500011100578500031600689500000901005650005201014650005601066650003401122650004501156700005701201700005101258740005001309BRCA_241220190320203809.0131108s1744----ne-a---###---#000-0dspa-u aspa ane a053b.G69c17441 aCervantes Saavedra, Miguel ded1547-161610aVida y hechos de Ingenioso Hidalgo Don Quixote de la Manchaccompuesto por Miguel de Cervantes Saavedra. aLa Haya (Holanda)bP. Gosse y A. Moetjensc1744 a4 v.bil.c17 cm. aContenido : v 1. Primera parte. Vida de Cervantes por G. Mayáns I Síscar. Dedicatoria al Barón de Carteret. prólogo del autor. Versos preliminares. Texto. -- v 2. Texto. -- v 3. Segunda parte. Prólogo del autor. Texto. -- v 4. Texto aEdición : Con muy bellas estampas grabadas sobre los dibujos de Coypel, primer pintor del Rey de Francia aSigue, salvo ligeras variantes, la edición LO-052, pero suprimiendo las dos dedicatorias de Cervantes. A la esmerada impresión sobre buen papel, supieron los editores unir cierta belleza de las láminas de Coypel, grabadas por Folkema. Bello ejemplar, encuadernado en fina piel parda clara Lúdovik Osterc aQM3914aNovela españolayÉpoca clásica, 1500-170014aLiteratura españolayÉpoca clásica, 1500-170014aNovela españolaySiglo XVII14aDon Quijote (Personaje ficticio)eNovela1 aMayáns I Síscar, Gregoriod1699-1781eBiógrafo1 aCoypel, Charles-Antoined1694-1752eIlustrador0 aEl Ingenioso Hidalgo Don Quijote de la Mancha